01500nam a2200385 a 4500001001200000003000800012006001900020007001500039008004100054010001700095020001500112020001800127020002700145040002100172035002100193050003100214082002500245110003800270245006300308250001200371260006300383300002300446490004400469500008500513504006400598533015200662650004200814650001900856650002400875655002900899710001700928830002400945856012600969999001901095ebr10522370CaPaEBRm u cr cn|||||||||020427s2002 couad sb 001 0 eng d z 2002071060 z1583211713 z9781583211717 z9781613001301 (e-book) aCaPaEBRcCaPaEBR a(OCoLC)60855510714aTD491b.A49 no. M23 2002eb04a628.1 sa628.1/52212 aAmerican Water Works Association.10aPVC pipe-- design and installationh[electronic resource]. a2nd ed. aDenver, Colo. :bAmerican Water Works Association,cc2002. axi, 167 p. :bill.1 aManual of water supply practices ;vM23 a"Incorporates errata dated June 1, 2010. Includes addendum dated July 30, 2010." aIncludes bibliographical references (p. 157-162) and index. aElectronic reproduction.bPalo Alto, Calif. :cebrary,d2012.nAvailable via World Wide Web.nAccess may be limited to ebrary affiliated libraries. 0aWater-pipesxDesign and construction. 0aPipe, Plastic. 0aPolyvinyl chloride. 7aElectronic books.2local2 aebrary, Inc. 0aAWWA manual ;vM23.40uhttp://site.ebrary.com/lib/rucke/Doc?id=10522370zAn electronic book accessible through the World Wide Web; click to view c237892d237892